Fallout Trivia - Statistics

General Stats
  • This quiz has been taken 321 times
  • The average score is 11 of 13
Answer Stats
Hint Answer % Correct
Favourite soft drink of the wastes Nuka Cola
99%
Leader of The Strip Mr House
95%
Country who invaded Alaska China
94%
Year the bombs fell 2077
92%
Armour used by Brotherhood Knights and Paladins Power Armour
90%
Location of Fallout 3 Washington DC
88%
Main antagonist of fallout 2 and 3 Enclave
82%
Insignia of the Legion The Bull
76%
Robotic companion of The Courier ED-E
75%
Capital of the NCR Shady Sands
73%
Head of the Super Mutant army The Master
73%
Home of the Vault Dweller Vault 13
73%
Friendly Super Mutant rescued from Vault 87 and possible companion of the Lone Wanderer Fawkes
66%
No matching quizzes found
Score Distribution
Percent of People with Each Score
Percentile by Number Answered
Your Score History
You have not taken this quiz